000 01761cam a22004214i 4500
003 PE-LiUPU
005 20250731173151.0
008 150623s1999 nyu rb 000 0 eng d
035 _a(Sirsi) a28210
040 _aPE-LiUPU
_bspa
_cPE-LiUPU
_erda
082 0 4 _a266.001
_bY37
_221
100 1 _aYates, Timothy,
_d1935-,
_eautor.
245 1 0 _aChristian mission in the twentieth century /
_cTimothy Yates.
264 1 _aNew York, NY :
_bCambridge University Press,
_c1999.
300 _a275 páginas ;
_c22 centímetros
336 _atext
_2rdacontent
337 _aunmediated
_2rdamedia
338 _avolume
_2rdacarrier
504 _aIncluye bibliografía.
505 0 _aMission as expansion 1900-1910 -- Mission as the church of a people (volkskirche) 1910-1920 -- Mission appraised (1): 1920-1940 -- Mission appraised (2): 1920-1940 -- Mission as presence and dialogue 1950-1960 -- Mission as proclamation, dialogue and liberation 1960-1970 -- Mission as proclamation and church growth 1970-1980 -- Pluralism and enlightenment 1980-1990.
526 _aSEG42
526 _aSEG41
526 _aSEG40
526 _aSEG39
526 _aP94
526 _aP87
526 _aP86
526 _aP85
526 _aP77
526 _aP76
526 _aP35
650 0 4 _aMisiones
_xHistoria de doctrinas
_ySiglo XX.
942 _2ddc
_cBOOK
949 _a266.001 Y37
_wDEWEY
_c1
_i53460
_lCCODEBUL1
_mBUL
_p22.00
_r0
_sY
_tBOOK
_u2015-06-24
_xTEOLOGIA
_PP35
_0COMPRA
_o.STAFF. Colección Teología
596 _a1
999 _a266.001 Y37
_wDEWEY
_c35434
_i53460
_d35434
_f2021-11-10
_g5
_lCCODEBUL1
_mBUL
_p22.00
_q1
_r0
_sY
_tBOOK
_u2015-6-24
_xTEOLOGIA
_PP35
_0COMPRA
_o.STAFF. Colección Teología
980 _81
_gALBERTO SANCHEZ Responsable de Automatización